| 000 | 00350nam a2200121Ia 4500 | ||
|---|---|---|---|
| 005 | 20251222154350.0 | ||
| 008 | 251222s9999||||xx |||||||||||||| ||spa|| | ||
| 020 | _a978-84-8363-628-8 | ||
| 082 | _a627.04/A59 | ||
| 100 | _a"Andrés-Doménech, Ignacioy otros" | ||
| 245 | 0 | _aHidráulica del flujo en lámina libre: Cuestiones conceptuales | |
| 942 | _cLIB | ||
| 999 |
_c34867 _d34867 |
||